000 00467nam a22001697a 4500
003 NUST - PNEC
005 20170116181100.0
008 151002b xxu||||| |||| 00| 0 eng d
020 _a-
040 _cLIBRARY
082 _a621.462 SPR
100 _912359
_aSpreadury,F.G.
245 _aFractional H.P. electric motors: their principles, characteristic and design
_cF.G. Spreadury
260 _cc.1951
650 _912364
_aElectric motors
_xEE
942 _2ddc
_cBK
999 _c68743
_d68743